LIBRARY & INFORMATION CENTRE, KCAET, TAVANUR

ONLINE PUBLIC ACCESS CATALOGUE (OPAC)

Irrigation practice and Design, Vol 5 / (Record no. 1361)

MARC details
000 -LEADER
fixed length control field 00496cam a2200193ua 4500
041 ## - LANGUAGE CODE
Language code of text/sound track or separate title eng
082 ## - DEWEY DECIMAL CLASSIFICATION NUMBER
Classification number 631.587
Item number KHU/IR
100 ## - MAIN ENTRY--AUTHOR NAME
Personal name Kushalani, K.B .
245 ## - TITLE STATEMENT
Title Irrigation practice and Design, Vol 5 /
250 ## - EDITION STATEMENT
Edition statement 1 /
260 ## - PUBLICATION, DISTRIBUTION, ETC. (IMPRINT)
Place of publication :
Name of publisher Oxford & IBH Publishing company ,
Year of publication 1994.
300 ## - PHYSICAL DESCRIPTION
Number of Pages 417 ; .
700 1# - ADDED ENTRY--PERSONAL NAME
Personal name Manohar, Kushalani .
942 ## - ADDED ENTRY ELEMENTS (KOHA)
Koha item type Books
Holdings
Withdrawn status Lost status Damaged status Home library Current library Date acquired Full call number Accession Number Koha item type
      KAUAET KAUAET 07/04/2012 631.587 19112 Books
free website counter